Slovenský maloobchod očami spotrebiteľov vsl. regiónu
Etablovanie zahraničných maloobchodných firiem na slovenskom trhu. Hodnotenia slovenského obchodu za roky 1998-2003. Spotrebné správanie pri výbere nákupného miesta. Informovanosť a obľúbenosť jednotlivých predajní.
Salvato in:
| Autore principale: | |
|---|---|
| Altri autori: | |
| Natura: | Capitolo di libro |
| Lingua: | slovacco |
| Soggetti: | |
| Tags: |
Nessun Tag, puoi essere il primo ad aggiungerne!!
|
MARC
| LEADER | 00000naa$a2200000$$$4500 | ||
|---|---|---|---|
| 001 | 0045775 | ||
| 005 | 20240502071529.8 | ||
| 041 | 0 | |a slo | |
| 044 | |a SK | ||
| 245 | 1 | 0 | |a Slovenský maloobchod očami spotrebiteľov vsl. regiónu |c Vanda Lieskovská, Marián Rimarčík |
| 520 | |a Etablovanie zahraničných maloobchodných firiem na slovenskom trhu. Hodnotenia slovenského obchodu za roky 1998-2003. Spotrebné správanie pri výbere nákupného miesta. Informovanosť a obľúbenosť jednotlivých predajní. | ||
| 610 | 2 | 0 | |a maloobchod |
| 610 | 2 | 0 | |a Slovensko |
| 610 | 2 | 0 | |a spotrebitelia |
| 610 | 2 | 0 | |a nákup |
| 610 | 2 | 0 | |a regióny |
| 100 | 1 | |a Lieskovská, Vanda, 1961- | |
| 700 | 1 | |a Rimarčík, Marián | |